000 00316nam a22001457a 4500
008 210426b ||||| |||| 00| 0 eng d
020 _a9780787630447
041 _aeng
080 _a573
082 _a573
100 _a11
101 _aBIO
245 _aWorld of Biology
_cKimberley A. McGrath
942 _2udc
_cBK
999 _c56748
_d56748